| 000 | 00680nam a2200265 a 4500 | ||
|---|---|---|---|
| 001 | 40481 | ||
| 003 | AR-BaAGN | ||
| 005 | 20231116150807.0 | ||
| 007 | ta | ||
| 008 | 220625s2006 ag |||||r|||| ||||||spa d | ||
| 020 | _a987-1190-53-0 | ||
| 040 |
_dAR-BaAGN _aAR-BaAGN _bspa _eaacr |
||
| 100 | 1 | _aHubeñák, Florencio | |
| 245 | 1 | 0 |
_aHistoria integral de Occidente : _bdesde una perspectiva cristiana |
| 250 | _a1ª ed. | ||
| 260 |
_aBuenos Aires : _bEduca, _c2006. |
||
| 300 | _a542 páginas | ||
| 336 |
_2rdacontent _btxt |
||
| 337 |
_2rdamedia _bn |
||
| 338 |
_2rdacarrier _bnc |
||
| 651 | 4 |
_aOccidente _93661 |
|
| 942 | _cLIBRO | ||
| 999 |
_c40481 _d40481 |
||